Antipodes - Statistics

General Stats
  • This quiz has been taken 68 times
  • The average score is 129 of 180
Answer Stats
Answer Location (if not mainland) Answers 2 Location (if not mainland) % Correct
China Argentina
98%
China Bolivia
98%
China Brazil
98%
China Chile
98%
China Peru
98%
China United Kingdom Falkland Islands
98%
China Uruguay
98%
United States Hawaii Botswana
98%
United States Palmyra, Kingman Reef Democratic Republic of the Congo
98%
United States France French Southern and Antarctic Lands
98%
United States Hawaii Namibia
98%
United States American Samoa Niger
98%
United States American Samoa Nigeria
98%
Brazil Brunei
94%
Brazil China
94%
Brazil Indonesia
94%
Brazil Japan
94%
Brazil Malaysia
94%
Brazil Micronesia
94%
Brazil Palau
94%
Brazil Philippines
94%
Brazil South Korea
94%
Russia Argentina
94%
Russia Chile
94%
Russia United Kingdom Falkland Islands
94%
France French Southern and Antarctic Lands Canada
93%
France French Polynesia Egypt
93%
France French Polynesia Eritrea
93%
France French Polynesia Ethiopia
93%
France French Guiana Indonesia
93%
France New Caledonia Mauritania
93%
France New Caledonia Morocco Western Sahara
93%
France New Zealand Chatham Islands
93%
France Wallis and Futuna Niger
93%
France French Polynesia Sudan
93%
France French Polynesia Saudi Arabia
93%
France French Southern and Antarctic Lands United States
93%
Argentina China
89%
Argentina Mongolia
89%
Argentina Russia
89%
Argentina Taiwan
89%
Canada Australia Heard and McDonald Islands
89%
Canada France French Southern and Antarctic Lands
89%
Chile China
89%
Chile Mongolia
89%
Chile Russia
89%
Spain New Zealand
89%
Australia Heard and McDonald Islands Canada
85%
Australia Christmas Island Colombia
85%
Australia Portugal Azores
85%
Australia United Kingdom Bermuda
85%
New Zealand Kermadec Islands Algeria
85%
New Zealand Cook Islands Cameroon
85%
New Zealand Cook Islands Central African Republic
85%
New Zealand Cook Islands Chad
85%
New Zealand Chatham Islands France
85%
New Zealand Cook Islands Libya
85%
New Zealand Morocco
85%
New Zealand Niue Niger
85%
New Zealand Cook Islands, Tokelau Nigeria
85%
New Zealand Portugal
85%
New Zealand Spain
85%
New Zealand United Kingdom Gibralter
85%
Indonesia Brazil
83%
Indonesia Colombia
83%
Indonesia Ecuador
83%
Indonesia France French Guiana
83%
Indonesia Guyana
83%
Indonesia Peru
83%
Indonesia Suriname
83%
Indonesia Venezuela
83%
United Kingdom Bermuda Australia
83%
United Kingdom Falkland Islands China
83%
United Kingdom Gibraltar New Zealand
83%
United Kingdom Falkland Islands Russia
83%
United Kingdom Pitcairn Islands Saudi Arabia
83%
United Kingdom Pitcairn Islands United Arab Emirates
83%
Japan Brazil
81%
Japan Paraguay
81%
Peru Cambodia
81%
Peru China
81%
Peru Indonesia
81%
Peru Laos
81%
Peru Malaysia
81%
Peru Thailand
81%
Peru Vietnam
81%
Malaysia Brazil
76%
Malaysia Colombia
76%
Malaysia Ecuador
76%
Malaysia Peru
76%
Uruguay China
76%
Uruguay South Korea
76%
Cambodia Peru
72%
Colombia Australia Christmas Island
72%
Colombia Indonesia
72%
Colombia Malaysia
72%
Mongolia Argentina
72%
Mongolia Chile
72%
Paraguay Japan
72%
Paraguay Philippines
72%
Paraguay Taiwan
72%
South Korea Brazil
72%
South Korea Uruguay
72%
Algeria New Zealand Kermadec Islands
70%
Algeria Tonga
70%
Venezuela Indonesia
70%
Ecuador Indonesia
69%
Ecuador Malaysia
69%
Ecuador Singapore
69%
Morocco Western Sahara France New Caledonia
69%
Morocco New Zealand
69%
Portugal Azores Australia
69%
Portugal New Zealand
69%
Vietnam Peru
69%
Bolivia China
67%
Bolivia Philipines
67%
Guyana Indonesia
67%
Suriname Indonesia
67%
Laos Peru
65%
Philippines Bolivia
65%
Philippines Brazil
65%
Philippines Paraguay
65%
Thailand Peru
63%
Brunei Brazil
61%
Niger France Wallis and Futuna
61%
Niger New Zealand Niue
61%
Niger Samoa
61%
Niger Tonga
61%
Niger United States American Samoa
61%
Singapore Ecuador
61%
Mali Fiji
56%
Mali Solomon Islands Tikopia
56%
Mali Vanuatu
56%
Chad New Zealand Cook Islands
54%
Egypt France French Polynesia
54%
Fiji Rotuma Burkina Faso
54%
Fiji Mali
54%
Mauritania France New Caldonia
54%
Mauritania Vanuatu
54%
Tuvalu Ghana
54%
Tuvalu Nanumanga, Nanumea Ivory Coast
54%
Kiribati Line Islands Central African Republic
52%
Kiribati Line Islands Democratic Republic of the Congo
52%
Kiribati Phoenix Islands Nigeria
52%
Kiribati Line Islands Sudan
52%
Nigeria Kiribati Phoenix Islands
52%
Nigeria New Zealand Cook Islands, Tokelau
52%
Nigeria United States American Samoa
52%
Taiwan Argentina
52%
Taiwan Paraguay
52%
Micronesia Brazil
50%
Democratic Republic of the Congo Kiribati
48%
Democratic Republic of the Congo United States Palmyra, Kingman Reef
48%
Vanuatu Mali
48%
Vanuatu Mauritania
48%
Vanuatu Senegal
48%
Samoa Niger
46%
Sudan France French Polynesia
46%
Sudan Kiribati Line Islands
46%
Tonga Algeria
46%
Tonga Niger
46%
Libya New Zealand Cook Islands
44%
Palau Brazil
44%
Solomon Islands Guinea
43%
Solomon Islands Tikopia Mali
43%
Saudi Arabia France French Polynesia
41%
Saudi Arabia United Kingdom Pitcairn Islands
41%
Ethiopia France French Polynesia
39%
Cameroon New Zealand Cook Islands
31%
Guinea Solomon Islands
31%
Botswana United States Hawaii
30%
Ghana Tuvalu
30%
Senegal Vanuatu
30%
Central African Republic Kiribati
28%
Central African Republic New Zealand Cook Islands
28%
Ivory Coast Tuvalu Nanumanga, Nanumea
28%
Namibia United States Hawaii
26%
Burkina Faso Fiji Rotuma
24%
Eritrea France French Polynesia
24%
United Arab Emirates United Kingdom Pitcairn Islands
15%
No matching quizzes found
Score Distribution
Percent of People with Each Score
Percentile by Number Answered
Your Score History
You have not taken this quiz